| 000 | 00674nam a22001937a 4500 | ||
|---|---|---|---|
| 008 | 150325b xxu||||| |||| 00| 0 eng d | ||
| 020 | _a9780060630409 | ||
| 050 | _aBS2553.S24 1993 | ||
| 100 |
_aFunk, Robert.W _916547 |
||
| 245 |
_aThe five gospels: _bwhat did Jesus really say? _c/by Robert W. Funk, Roy W. Hoover and The Jesus Seminar |
||
| 260 |
_aSan Fransisco _bHarperCollins _c1993 |
||
| 300 |
_axxii,553p. ; _c24cm. |
||
| 650 |
_aJesus christ _xWords _916548 |
||
| 650 |
_aJesus christ _xHistoricity _9561 |
||
| 650 |
_aBible N.T. Gospels _xCommentaries _916549 |
||
| 700 |
_aRoy W. Hoover _916550 |
||
| 700 |
_aThe Jesus seminar _916551 |
||
| 942 |
_2lcc _cMONOGRAPH |
||
| 999 |
_c122493 _d122493 |
||